[Event "Challenge"]
[Site "http://www.queenalice.com/game.php?id=1288808"]
[Date "2014.6.17"]
[Round "-"]
[White "chato"]
[Black "salvachess"]
[Result "0-1"]
[WhiteElo "1540"]
[BlackElo "1613"]

1. d4 d5 2. Nf3 Nc6 3. Nc3 Nf6 4. e3 Bg4 5. Be2 Bxf3 6. Bxf3 e6 7. O-O Qd6 8. a4
O-O-O 9. a5 Qb4 10. Qd2 Nxa5 11. Nxd5 Nxd5 12. Bxd5 Rxd5 13. c3 Qd6 14. Qc2 Rh5
15. h3 a6 16. b4 Nc4 17. Qe4 f5 18. Qd3 Qd5 19. g3 Rxh3 20. f3 Rxg3+ 21. Kh2 Bd6
22. Kh1 f4 23. exf4 Qh5# 0-1

[Event "Challenge"]
[Site "http://www.queenalice.com/game.php?id=1293857"]
[Date "2014.7.10"]
[Round "-"]
[White "chato"]
[Black "salvachess"]
[Result "1-0"]
[WhiteElo "1516"]
[BlackElo "1669"]

1. e4 e5 2. Bd3 d6 3. Qf3 Nf6 4. h3 Be6 5. Ne2 Be7 6. O-O O-O 7. Nbc3 c5 8. b3
d5 9. exd5 Bxd5 10. Be4 Bc6 11. a4 Bxe4 12. Nxe4 Qd5 13. Nxf6+ Bxf6 14. Qxd5 1-0

[Event "Challenge"]
[Site "http://www.queenalice.com/game.php?id=1295707"]
[Date "2014.7.19"]
[Round "-"]
[White "salvachess"]
[Black "chato"]
[Result "0-1"]
[WhiteElo "1647"]
[BlackElo "1538"]

1. e4 e5 2. Nf3 Bd6 3. Be2 Nf6 4. Nc3 O-O 5. d3 Nc6 6. O-O b5 7. Nxb5 Bc5 8. Nc3
a5 9. a4 d6 10. b3 Bg4 11. Bg5 Bxf3 12. Bxf3 Nd4 13. Nd5 c6 14. Bxf6 gxf6 15.
Ne3 d5 16. exd5 cxd5 17. Nxd5 e4 18. Bxe4 f5 19. Bf3 Rc8 20. Qe1 Nxc2 21. Qc3
Bxf2+ 22. Rxf2 Rxc3 23. Rc1 Rxd3 24. Rcxc2 Rxb3 25. Rfd2 Qh4 26. Re2 Rb1+ 0-1

[Event "Challenge"]
[Site "http://www.queenalice.com/game.php?id=1298837"]
[Date "2014.8.2"]
[Round "-"]
[White "chato"]
[Black "salvachess"]
[Result "0-1"]
[WhiteElo "1558"]
[BlackElo "1664"]

1. e4 e5 2. Nc3 Nf6 3. Nf3 Nc6 4. Bd3 Bb4 5. Nb5 a6 6. Nc3 Bxc3 7. dxc3 O-O 8.
O-O d6 9. h3 Be6 10. Bg5 h6 11. Bxf6 Qxf6 12. b4 b5 13. a3 Qg6 14. g4 f6 15. Qe2
h5 16. Nh2 hxg4 17. hxg4 Kf7 18. f3 Rh8 19. Kg2 Qh6 20. Rh1 Ne7 21. a4 Ng6 22.
Qf2 c6 23. f4 Nxf4+ 24. Kf3 Qh3+ 25. Qg3 Qxg3+ 26. Kxg3 Rh3+ 27. Kf2 Rah8 28.
Nf3 Rxh1 29. Ra2 Bxg4 30. Nd2 R8h2+ 31. Ke3 Rh3+ 32. Kf2 R3h2+ 33. Ke3 Re1+ 34.
Be2 Rhxe2# 0-1

[Event "Challenge"]
[Site "http://www.queenalice.com/game.php?id=1304910"]
[Date "2014.8.29"]
[Round "-"]
[White "salvachess"]
[Black "chato"]
[Result "0-1"]
[WhiteElo "1676"]
[BlackElo "1551"]

1. e4 e5 2. Nc3 Qf6 3. Nf3 Nc6 4. Bb5 Nd8 5. d3 a6 6. Bc4 Nc6 7. O-O h6 8. Nd5
Qd6 9. Be3 b5 10. Bb3 Nf6 11. Nxf6+ Qxf6 12. Bd5 Be7 13. Bxc6 Qxc6 14. Nxe5 Qd6
15. Bf4 Qf6 16. g3 g5 17. Ng4 Qxb2 18. Bxc7 d6 19. Qb1 Qc3 20. a4 Qxc7 21. axb5
Bxg4 22. bxa6 Bc8 23. Qb5+ Kf8 24. c4 Kg7 25. Qb2+ Kh7 26. Qb5 Bd7 27. Qb7 Qxb7
28. axb7 Rxa1 29. Rxa1 Bc6 30. Ra7 Rb8 31. Ra6 Bxb7 32. Ra5 Bc6 33. Ra7 Re8 34.
Kg2 Kg7 0-1

[Event "Challenge"]
[Site "http://www.queenalice.com/game.php?id=1309162"]
[Date "2014.9.19"]
[Round "-"]
[White "PRZ"]
[Black "chato"]
[Result "1-0"]
[WhiteElo "1395"]
[BlackElo "1572"]

1. d4 Nf6 2. f3 a5 3. c4 e6 4. Nc3 Nc6 5. d5 exd5 6. cxd5 Ne5 7. e4 Bb4 8. Bd2
Qe7 9. a3 Bxc3 10. Bxc3 O-O 11. Bd3 c6 12. f4 Neg4 13. e5 Nxd5 14. Qe2 h5 15.
Qe4 b5 16. Qh7# 1-0

[Event "Challenge"]
[Site "http://www.queenalice.com/game.php?id=1309513"]
[Date "2014.9.20"]
[Round "-"]
[White "chato"]
[Black "salvachess"]
[Result "1-0"]
[WhiteElo "1546"]
[BlackElo "1655"]

1. e4 e5 2. Bc4 Nf6 3. d3 Bb4+ 4. c3 Bc5 5. Nh3 O-O 6. O-O Nc6 7. Qf3 d6 8. Nd2
Bxh3 9. Qxh3 Ne7 10. Qg3 Ng6 11. Nf3 a6 12. Bg5 b5 13. Bd5 Nh5 14. Qg4 Nf6 15.
Bxf6 Qxf6 16. Bxa8 Rxa8 17. b4 Ba7 18. d4 exd4 19. cxd4 Bxd4 20. Rad1 Be5 21.
Qd7 Qe7 22. Qc6 Rc8 23. Qxa6 Qd7 24. h4 Nf4 25. Nxe5 Qe6 26. Nc6 Qg4 27. g3 Ne2+
28. Kh2 Rf8 29. Qxb5 Nc3 30. Ne7+ Kh8 31. Qd3 Nxe4 32. Qd4 Qe6 33. Nc6 Nf6 34.
Rfe1 Qxa2 35. Re7 Qa6 36. Rxc7 Ne8 37. Ra1 Qe2 38. Re7 Qb5 39. Qxd6 Nxd6 40. Rc1
Qe2 41. Rxe2 1-0

[Event "AUTO-INT-2906"]
[Site "http://www.queenalice.com/game.php?id=1311209"]
[Date "2014.9.28"]
[Round "1"]
[White "LeandroJunio"]
[Black "chato"]
[Result "1-0"]
[WhiteElo "1649"]
[BlackElo "1609"]

1. e4 e5 2. Nf3 Qf6 3. Nc3 Bc5 4. Bc4 Ne7 5. O-O d6 6. Nd5 Nxd5 7. Bxd5 O-O 8.
c3 c6 9. d4 exd4 10. cxd4 Bb6 11. Bg5 Qg6 12. Be7 Bh3 13. Nh4 Qg4 14. Qxg4 Bxg4
15. Bxf8 Kxf8 16. f3 cxd5 17. fxg4 Bxd4+ 18. Kh1 dxe4 19. Nf5 Bxb2 20. Rab1 Ba3
21. Rxb7 g6 22. Nh6 Kg7 23. Nxf7 Nc6 24. Ne5+ Kh6 25. Nxc6 Rc8 26. Rxa7 Bc5 27.
Ra6 e3 28. Re1 d5 29. Ne5 d4 30. Nd3 Be7 31. Ra7 Bg5 32. Rd7 Bf6 33. g3 Rc3 34.
Nc1 Bg7 35. a4 Bf8 36. Rxd4 Bc5 37. Rd5 Bb4 38. g5+ Kh5 39. a5 Ra3 40. Rf1 Rxa5
41. Rxa5 Bxa5 42. h4 Kg4 43. Kh2 Bd2 44. Ne2 Ba5 45. Rf4+ Kh5 46. Kh3 Bc7 47.
g4# 1-0

[Event "AUTO-INT-2906"]
[Site "http://www.queenalice.com/game.php?id=1311210"]
[Date "2014.9.28"]
[Round "1"]
[White "chato"]
[Black "LeandroJunio"]
[Result "1-0"]
[WhiteElo "1549"]
[BlackElo "1477"]

1. e4 e5 2. Nh3 Nf6 3. Qf3 Nc6 4. Bd3 Bc5 5. O-O O-O 6. Bc4 Nd4 7. Qd3 d5 8.
Bxd5 Nxd5 9. exd5 Bxh3 10. gxh3 Qxd5 11. c3 Nf3+ 12. Kh1 Ne1+ 13. Qxd5 Nc2 14.
Qxc5 Nxa1 15. Na3 Rad8 16. d4 e4 17. Bf4 c6 18. Rxa1 Rfe8 19. Rg1 Rd5 20. Qxa7
g5 21. Bxg5 1-0

[Event "AUTO-INT-2906"]
[Site "http://www.queenalice.com/game.php?id=1311225"]
[Date "2014.9.28"]
[Round "1"]
[White "ReidoBaralho"]
[Black "chato"]
[Result "0-1"]
[WhiteElo "1526"]
[BlackElo "1566"]

1. e4 e5 2. Qh5 Qf6 3. Nh3 g6 4. Qe2 Bg7 5. Qc4 Ne7 6. d3 O-O 7. Bg5 Qd6 8. g3
h6 9. Bxe7 Qxe7 10. Bg2 c6 11. Nc3 b5 12. Qb3 Na6 13. a3 d6 14. O-O Rb8 15. Ne2
Be6 16. Qc3 d5 17. Qxc6 Nc5 18. b4 Rfc8 19. Qxc5 Rxc5 20. bxc5 dxe4 21. Bxe4
Bxh3 22. Rfe1 Qxc5 23. Rab1 Qxc2 24. Rbc1 Qd2 25. f3 Qe3+ 26. Kh1 Qf2 27. f4 Re8
28. Bc6 Rc8 29. Bd5 Rxc1 30. Rxc1 Qxe2 31. Kg1 Qe3+ 32. Kh1 Qxc1# 0-1

[Event "AUTO-INT-2906"]
[Site "http://www.queenalice.com/game.php?id=1311226"]
[Date "2014.9.28"]
[Round "1"]
[White "chato"]
[Black "ReidoBaralho"]
[Result "1-0"]
[WhiteElo "1580"]
[BlackElo "1512"]

1. Nh3 d5 2. e3 a6 3. Qf3 Nf6 4. Bd3 Bg4 5. Qf4 e5 6. Qxe5+ Be6 7. O-O Bd6 8.
Qg5 Bxh3 9. gxh3 h6 10. Qf5 c6 11. Nc3 Qc7 12. f4 c5 13. b3 Nbd7 14. Bb2 g6 15.
Qg4 Nxg4 16. hxg4 g5 17. Nxd5 Qc6 18. Be4 Qc8 19. Bxh8 gxf4 20. exf4 c4 21. Rae1
cxb3 22. cxb3 Qb8 23. g5 hxg5 24. fxg5 Kf8 25. g6 Bxh2+ 26. Kh1 Bg3 27. Re2 Qe5
28. Bxe5 Nxe5 29. Rg2 Bh4 30. g7+ Kg8 31. Rf4 Rc8 32. Rxh4 Rc1+ 33. Kh2 Re1 34.
Bh7# 1-0

[Event "AUTO-INT-2906"]
[Site "http://www.queenalice.com/game.php?id=1311235"]
[Date "2014.9.28"]
[Round "1"]
[White "rocha"]
[Black "chato"]
[Result "0-1"]
[WhiteElo "1503"]
[BlackElo "1595"]

1. e4 e5 2. Bc4 Qf6 3. Qe2 Nh6 4. d3 Bb4+ 5. c3 Bc5 6. Nf3 O-O 7. Bg5 Qg6 8. Qd2
d6 9. Nh4 Qh5 10. d4 exd4 11. Be2 Bg4 12. Bf3 Bxf3 13. Nxf3 Qg6 14. Qd3 Nc6 15.
O-O dxc3 16. Nxc3 d5 17. Qxd5 Bb6 18. Nh4 Qh5 19. Kh1 Rad8 20. Bxd8 Qxd5 21.
Nxd5 Rxd8 22. Rad1 Ng4 23. Ne7+ Kf8 24. Rxd8+ Nxd8 25. Nd5 Bd4 26. f3 Ne5 27. b3
c5 28. Nf4 g5 29. Nf5 gxf4 30. Nxd4 cxd4 31. Rd1 d3 32. Rd2 Ndc6 33. Kg1 Nd4 34.
h3 h5 35. Kf2 a5 36. g3 fxg3+ 37. Kxg3 Ndxf3 38. Rb2 d2 39. Rb1 b5 40. Kf2 Ke7
41. Ke2 Ke6 42. Rd1 f5 43. exf5+ Kxf5 44. Ke3 a4 45. Ke2 Ke4 46. bxa4 bxa4 47.
a3 h4 48. Rb1 Nc4 49. Rb4 Ng1+ 50. Kd1 Kd5 51. Rxa4 Nb2+ 52. Kxd2 Nxa4 53. Ke3
Ke5 54. Kd3 Nxh3 55. Kc4 Nf4 56. Kb4 Nb2 57. Kc3 Na4+ 58. Kb4 Nb2 59. Kb3 Nd1
60. a4 h3 61. Kc2 Nf2 62. a5 h2 63. a6 h1=Q 0-1

[Event "AUTO-INT-2906"]
[Site "http://www.queenalice.com/game.php?id=1311236"]
[Date "2014.9.28"]
[Round "1"]
[White "chato"]
[Black "rocha"]
[Result "0-1"]
[WhiteElo "1562"]
[BlackElo "1566"]

1. e4 e5 2. Nh3 Be7 3. Bd3 Bf6 4. O-O Ne7 5. Qf3 Ng6 6. Nc3 Nh4 7. Qe2 c6 8. g3
g5 9. gxh4 gxh4 10. Bc4 Qe7 11. d3 d5 12. exd5 Bxh3 13. Re1 Rg8+ 14. Kh1 Bg2+
15. Kg1 Bf3+ 16. Kf1 Bxe2+ 17. Rxe2 Qd6 18. Bd2 Nd7 19. Rae1 O-O-O 20. dxc6 bxc6
21. Bxf7 Rg7 22. Bc4 Nb6 23. Ne4 Qe7 24. a3 Nxc4 25. dxc4 Qe6 26. Nc5 Qh3# 0-1

[Event "Challenge"]
[Site "http://www.queenalice.com/game.php?id=1319980"]
[Date "2014.11.2"]
[Round "-"]
[White "salvachess"]
[Black "chato"]
[Result "0-1"]
[WhiteElo "1588"]
[BlackElo "1593"]

1. e4 e5 2. Nc3 Nc6 3. Nf3 Qf6 4. d3 Bc5 5. Be2 d6 6. O-O Nge7 7. Bg5 Qg6 8.
Bxe7 Nxe7 9. Qd2 Bb4 10. a3 Bxc3 11. Qxc3 a5 12. b4 axb4 13. axb4 Rxa1 14. Rxa1
Bh3 15. Ra8+ Nc8 16. Kf1 Qxg2+ 17. Ke1 Ke7 18. Qxc7+ Kf6 19. Qxb7 h5 20. b5 Qh1+
21. Kd2 Bg4 22. Ke3 Qc1+ 23. Nd2 Rh6 24. Qxc8 Bxc8 25. Rxc8 Qg1 26. b6 Ke6 27.
b7 Qg5+ 28. Kf3 Rf6# 0-1

[Event "Challenge"]
[Site "http://www.queenalice.com/game.php?id=1320707"]
[Date "2014.11.6"]
[Round "-"]
[White "chato"]
[Black "salvachess"]
[Result "0-1"]
[WhiteElo "1607"]
[BlackElo "1580"]

1. Nf3 Nf6 2. d4 d5 3. Bf4 e6 4. Nc3 Nc6 5. e3 Bb4 6. Bg5 Bxc3+ 7. bxc3 O-O 8.
Bxf6 Qxf6 9. Bb5 Ne7 10. O-O c6 11. Be2 b5 12. a4 a6 13. axb5 cxb5 14. Bxb5 a5
15. c4 Bb7 16. Qb1 Bc6 17. Ne5 Rfc8 18. cxd5 Bxd5 19. Bd7 Rd8 20. Qb5 Ng6 21. c4
Be4 22. f3 Nxe5 23. dxe5 Qe7 24. Bc6 Bxc6 25. Qxc6 Qg5 26. f4 Qe7 27. Rfb1 Rdc8
28. Qe4 f5 29. Qd3 Qc7 30. Ra4 Qc6 31. h4 Qxa4 32. Rc1 Qe8 33. g3 a4 34. Ra1 Qe7
35. Kg2 a3 36. Kf3 Qb7+ 37. e4 fxe4+ 38. Qxe4 Qxe4+ 39. Kxe4 Rxc4+ 40. Kd3 Rcc8
41. Ke4 a2 42. f5 Rcb8 43. fxe6 Rb1 44. Rxa2 Rxa2 0-1

[Event "Challenge"]
[Site "http://www.queenalice.com/game.php?id=1325383"]
[Date "2014.12.1"]
[Round "-"]
[White "salvachess"]
[Black "chato"]
[Result "0-1"]
[WhiteElo "1597"]
[BlackElo "1590"]

1. e4 e5 2. Bd3 Nc6 3. c4 Nd4 4. Nc3 Bb4 5. Nd5 Ba5 6. b3 c6 7. Ne3 c5 8. Bb2
Ne6 9. Bxe5 f6 10. Bb2 Ne7 11. Nf3 O-O 12. O-O Nf4 13. Qb1 d6 14. g3 Nh3+ 15.
Kg2 Ng5 16. Nxg5 fxg5 17. Be2 Be6 18. d3 Qc8 19. Re1 Bxe1 20. Qxe1 Ng6 21. Qc3
Qd7 22. a4 Rf7 23. Bh5 Raf8 24. Rf1 Bh3+ 25. Kg1 Bxf1 26. Kxf1 Qh3+ 27. Ke2
Qxh5+ 28. Kd2 Rxf2+ 29. Kc1 Ne5 30. d4 Qxh2 31. dxe5 Qh1+ 32. Nd1 dxe5 33. Qxe5
R8f7 34. Qb8+ Rf8 35. Qxa7 Rd8 36. Kb1 Qxd1+ 37. Ka2 Qc2 0-1

[Event "Challenge"]
[Site "http://www.queenalice.com/game.php?id=1330733"]
[Date "2014.12.26"]
[Round "-"]
[White "chato"]
[Black "salvachess"]
[Result "0-1"]
[WhiteElo "1606"]
[BlackElo "1600"]

1. e4 e5 2. Bc4 Nf6 3. Nh3 Nxe4 4. Qf3 Nf6 5. Ng5 d5 6. Bb3 h6 7. Nh3 Bxh3 8.
Qxh3 Bd6 9. O-O O-O 10. Qg3 c6 11. d3 e4 12. Qe3 Ng4 13. Qh3 Nxh2 14. Re1 Qf6
15. Nd2 Bf4 16. dxe4 Re8 17. Qh4 Qxh4 18. Nf3 Nxf3+ 19. gxf3 Bxc1 20. Raxc1 Qh3
21. exd5 Rxe1+ 22. Rxe1 Nd7 23. Re7 Kf8 24. Re3 Re8 25. Rxe8+ Kxe8 26. f4 cxd5
27. Bxd5 b6 28. c4 Nf6 29. Bg2 Qh4 30. b3 Qxf4 31. a4 Ng4 0-1

[Event "AUTO-INT-2942"]
[Site "http://www.queenalice.com/game.php?id=1332611"]
[Date "2015.1.4"]
[Round "1"]
[White "pacou93"]
[Black "chato"]
[Result "1-0"]
[WhiteElo "1880"]
[BlackElo "1591"]

1. e4 e5 2. Nf3 f6 3. d4 Nc6 4. Bc4 exd4 5. Nxd4 Nge7 6. O-O d6 7. Nc3 Na5 8.
Bb3 c5 9. Ne6 Bxe6 10. Bxe6 Nec6 11. Nd5 b5 12. Be3 Be7 13. Qg4 Nb4 14. Nxb4
cxb4 15. Rad1 g6 16. Bh6 Nb7 17. Rd4 Qc7 18. Rc1 Nc5 19. Bg7 h5 20. Qxg6+ Kd8
21. Bxh8 Nxe6 22. Rxb4 Kd7 23. Bxf6 Rf8 24. e5 dxe5 25. Bxe7 Kxe7 26. Qxh5 Qc5
27. Qh4+ Kd7 28. Rd1+ Kc8 29. c3 a5 30. Re4 Nf4 31. Qg4+ Kb7 32. Qd7+ Ka8 33. g3
Nh5 34. Qd5+ Qxd5 35. Rxd5 Nf6 36. Rexe5 Nxd5 37. Rxd5 Rb8 38. f4 Ka7 39. f5 Kb6
40. f6 Rf8 41. Re5 Rxf6 42. Kg2 Rd6 43. Kf3 Rd2 44. Re2 Rd3+ 45. Ke4 Rd8 46. Kf3
Kc5 47. h4 Kc4 48. h5 a4 49. h6 Rf8+ 50. Kg2 Rh8 51. Re6 Kd3 52. Rb6 Kc2 53.
Rxb5 Rxh6 54. c4 Rc6 55. c5 1-0

[Event "AUTO-INT-2942"]
[Site "http://www.queenalice.com/game.php?id=1332612"]
[Date "2015.1.4"]
[Round "1"]
[White "chato"]
[Black "pacou93"]
[Result "0-1"]
[WhiteElo "1602"]
[BlackElo "1838"]

1. Nh3 e5 2. e4 Nf6 3. f3 d5 4. Nc3 Bb4 5. exd5 Bxc3 6. dxc3 Bxh3 7. gxh3 Qxd5
8. Bg5 Nbd7 9. Bxf6 Qxd1+ 10. Rxd1 Nxf6 11. b4 O-O 12. a4 Rfd8 13. h4 Rxd1+ 14.
Kxd1 Rd8+ 15. Bd3 e4 16. fxe4 Ng4 17. Ke1 Re8 18. h3 Ne5 19. Rf1 f6 20. Rf5 c6
21. c4 b6 22. b5 cxb5 23. cxb5 Kf7 24. Rf2 Rd8 25. Bf1 Rd4 26. Rd2 Nf3+ 27. Ke2
Nxd2 28. Bg2 Nc4 29. c3 Rd2+ 30. Kf3 Rd3+ 31. Kf4 Rxc3 32. e5 Nxe5 33. h5 g6 34.
hxg6+ hxg6 35. h4 Ra3 36. Bd5+ Ke7 37. Be4 Rxa4 38. Ke3 f5 0-1

[Event "AUTO-INT-2942"]
[Site "http://www.queenalice.com/game.php?id=1332623"]
[Date "2015.1.4"]
[Round "1"]
[White "mitchelli3131"]
[Black "chato"]
[Result "0-1"]
[WhiteElo "1481"]
[BlackElo "1590"]

1. e4 e5 2. Nf3 f6 3. Nc3 Bc5 4. Bc4 Ne7 5. d4 exd4 6. Nxd4 Nbc6 7. Ndb5 a6 8.
Na3 b5 9. Qh5+ g6 10. Qxc5 bxc4 11. Nd5 O-O 12. Nxf6+ Rxf6 13. Qxc4+ Kg7 14. Qc3
d5 15. e5 Re6 16. O-O Nxe5 17. f4 d4 18. Qc5 Ng4 19. h3 Ne3 20. Re1 Qd5 21. Qxd5
N3xd5 22. Bd2 c5 23. Nc4 Nf5 24. Re5 Nb4 25. Bxb4 cxb4 26. g4 Nd6 27. Nxd6 Rxd6
28. Re7+ Kh6 29. Re8 Rc6 30. Rae1 Rxc2 31. R1e5 Rc1+ 32. Kg2 Bb7+ 33. Kf2 Rc2+
34. Kg3 Rxe8 35. Rxe8 Rxb2 36. f5 d3 37. f6 Rg2+ 38. Kh4 g5# 0-1

[Event "AUTO-INT-2942"]
[Site "http://www.queenalice.com/game.php?id=1332624"]
[Date "2015.1.4"]
[Round "1"]
[White "chato"]
[Black "mitchelli3131"]
[Result "1-0"]
[WhiteElo "1595"]
[BlackElo "1488"]

1. e4 e5 2. Nf3 Nc6 3. Bc4 Nf6 4. Ng5 d5 5. exd5 Nxd5 6. Qf3 Nf6 7. O-O Be6 8.
d3 h6 9. Nxe6 fxe6 10. Bxe6 Nd4 11. Qd1 Nxe6 12. Qf3 Nd4 13. Qd1 Bc5 14. Be3 Ne6
15. Nc3 Nf4 16. Bxc5 b6 17. Be3 N4d5 18. Nxd5 Nxd5 19. Qh5+ Kd7 20. Qxe5 Nf6 21.
a4 Re8 22. Qg3 g5 23. b4 Nh5 24. Qh3+ Kc6 25. Qxh5 Kb7 26. Qxh6 Rh8 27. Qg6 Rg8
28. Qf5 g4 29. b5 a6 30. c4 Qxd3 31. Qxd3 a5 32. Qd5+ Ka7 33. Qd7 Kb7 34. Bf4
Rac8 35. Qc6+ Kb8 36. Qxb6+ Ka8 37. Qxa5+ Kb8 38. b6 Kb7 39. bxc7 Rgf8 40. Qd5+
Ka7 41. Qa5+ Kb7 42. Qc5 Rxf4 43. Rab1+ Ka6 44. Qb6# 1-0

[Event "AUTO-INT-2942"]
[Site "http://www.queenalice.com/game.php?id=1332631"]
[Date "2015.1.4"]
[Round "1"]
[White "chato"]
[Black "Goudan"]
[Result "0-1"]
[WhiteElo "1565"]
[BlackElo "1469"]

1. e4 e5 2. Bc4 Nf6 3. d3 Bc5 4. Nh3 d5 5. exd5 Nxd5 6. O-O O-O 7. Ng5 Be6 8.
Qh5 h6 9. Ne4 Bd4 10. c3 Nf4 11. Bxf4 exf4 12. cxd4 Bxc4 13. dxc4 Qxd4 14. Nec3
Nc6 15. Rd1 Qf6 16. Ne4 Qxb2 17. Nbd2 Nd4 18. Rab1 Qxa2 19. Qe5 Rad8 20. Qxc7
Ne2+ 0-1

[Event "AUTO-INT-2942"]
[Site "http://www.queenalice.com/game.php?id=1332632"]
[Date "2015.1.4"]
[Round "1"]
[White "Goudan"]
[Black "chato"]
[Result "1-0"]
[WhiteElo "1447"]
[BlackElo "1587"]

1. e4 e5 2. Nf3 f6 3. Nxe5 fxe5 4. Qh5+ g6 5. Qxe5+ Qe7 6. Qxh8 Qf7 7. Qe5+ Ne7
8. Na3 d6 9. Qa5 Bg4 10. Qxc7 Nf5 11. Bb5+ Nc6 12. Bxc6+ bxc6 13. Qxc6+ Qd7 14.
Qxa8+ Ke7 15. exf5 gxf5 16. O-O f4 17. Re1+ Kf7 18. Qd5+ Kg7 19. f3 Bf5 20. d3
1-0

[Event "Challenge"]
[Site "http://www.queenalice.com/game.php?id=1349191"]
[Date "2015.3.23"]
[Round "-"]
[White "salvachess"]
[Black "chato"]
[Result "1-0"]
[WhiteElo "1606"]
[BlackElo "1607"]

1. e4 e5 2. Nf3 Nc6 3. Bb5 Nd4 4. Be2 Nc6 5. Bb5 Nd4 6. Bc4 d6 7. c3 Nc6 8. O-O
Qf6 9. b4 Qg6 10. d3 Bh3 11. Bg5 Bg4 12. Be3 Bxf3 13. Qxf3 a5 14. Bb5 axb4 15.
Bxc6+ bxc6 16. cxb4 Nf6 17. Nd2 1-0